[Event "South Wales New Year Major"]
[Site "Bridgend"]
[Date "2020.01.05"]
[Round "5.13"]
[White "Smith, Chris"]
[Black "Davies, Tom"]
[Result "1-0"]
[WhiteElo "1486"]
[BlackElo "1516"]
[Annotator "kemen"]
[PlyCount "41"]
[EventDate "2020.01.??"]
[EventType "swiss"]
[EventRounds "5"]
[EventCountry "WLS"]

{[%evp 0,23,20,19,19,0,-3,-4,-1,-7,-5,0,9,18,15,21,16,6,20,19,19,22,-4,16,54,2]
} 1. d4 Nf6 2. c4 e6 3. Nc3 d5 4. cxd5 exd5 5. Bg5 Be7 6. e3 O-O 7. Bd3 h6 8.
Bh4 b6 (8... c6 {main}) 9. Nge2 (9. Nf3 {main}) 9... c5 (9... Bb7) 10. dxc5 (
10. O-O {7 Wh wins, 2 draws, 1 Bl win}) 10... bxc5 11. O-O Nc6 (11... Bb7 {
1 Wh win, 3 draws}) 12. Rc1 (12. Bxf6 Bxf6 13. Nxd5 Bxb2 14. Rb1 Be5 15. f4 Bf6
16. e4 Bd4+ 17. Nxd4 Nxd4 18. Bc4 {Bazeev-Volokushin, Chigorin memorial St
Petersburg 2009,1-0}) 12... g5 {Komodo13} 13. Bg3 d4 (13... Be6 {Bl needs to
nurture his hanging pawns}) 14. Ne4 (14. exd4 cxd4 15. Nb5 Bb7 16. Bc4 $16 {
Komodo13}) 14... Nxe4 $2 (14... dxe3 15. Nxf6+ Bxf6 16. fxe3 Bg4 $14 {Komodo13}
) 15. Bxe4 $18 Bb7 16. exd4 {Bl's centre has gone & both K side & Q side have
holes to cover} f5 {another move that rebounds on Bl} 17. Qb3+ Kg7 18. Qxb7
fxe4 19. Qxc6 Bf6 20. Qxc5 Qe7 21. Bd6 1-0

[Event "South Wales New Year Major"]
[Site "Bridgend"]
[Date "2020.01.05"]
[Round "5.14"]
[White "Davies, Gareth"]
[Black "Gamare, Swar"]
[Result "1-0"]
[WhiteElo "1380"]
[BlackElo "850"]
[Annotator "kemen"]
[PlyCount "75"]
[EventDate "2020.01.??"]
[EventType "swiss"]
[EventRounds "5"]
[EventCountry "WLS"]

{[%evp 0,9,20,19,32,-10,0,11,11,-36,-36,-36]} 1. d4 d5 2. Bg5 Nf6 3. Nd2 (3.
Bxf6 {main}) 3... h6 (3... Nbd7) 4. Bh4 Nc6 5. e3 Bf5 6. Ngf3 (6. c3) 6... Qd7
7. Bb5 (7. c3 {1-2}) (7. Bg3 $16 {Komodo13}) 7... Qd6 (7... Qe6) 8. a3 (8. Bxf6
) (8. c4) 8... O-O-O (8... a6) 9. Bg3 $18 {the Bl K soon becomes a target} Qe6
10. h3 (10. Rc1 $18) (10. c4 $18) 10... Qd7 (10... Ne4) 11. Rc1 (11. Ne5 Qe8
12. Bxc6 bxc6 13. c4 $18 {Komodo13}) 11... e6 12. Qe2 (12. Ne5 Qe8 13. c4 $18 {
Komodo13}) (12. c4 Bd6 13. cxd5 Nxd5 (13... exd5 14. Rxc6 $1 $18) 14. Bxd6 cxd6
15. e4 $18 {Komodo13}) 12... Bd6 13. Bxd6 (13. c4 $18) 13... Qxd6 (13... cxd6)
14. Bxc6 (14. c4 dxc4 15. Rxc4 Nb8 16. e4 a6 17. Ba4 b5 18. Rc3 $18 {Komodo13})
14... Qxc6 15. Ne5 Qe8 16. O-O (16. c4 Nd7 $14 (16... Ne4 $14)) 16... Ne4 17.
Nxe4 Bxe4 (17... dxe4 $11 {as Wh can no longer open the c file}) 18. f3 f6 (
18... Bh7 $11) 19. Ng4 Bh7 20. c4 $11 Rg8 21. c5 c6 22. Rfe1 g5 $2 23. Nxf6 $18
Qf7 24. Nxg8 Rxg8 25. Rc3 (25. e4 {opens up files for the Rs}) 25... h5 26. Rf1
Qg7 27. Rf2 g4 {trying to show there is something on the g file} 28. fxg4 hxg4
29. Qxg4 Qh6 30. Qf4 Qxh3 $5 (30... Qg7 31. Qf7 {forces an exchange of Qs}) 31.
e4 (31. Qf8+ Rxf8 (31... Kc7 32. Rf7#) 32. Rxf8+ Kd7 33. gxh3 {simplest}) 31...
Bxe4 (31... Qh5 32. Rg3 $18) 32. Rxh3 Kd7 33. Rg3 (33. Qf7+ Kd8 34. Qxg8+ Kd7
35. Rf7#) 33... Bg6 34. Qf6 (34. Rxg6 {ends resistence}) 34... Re8 35. Rxg6 Re7
36. Rg7 Rxg7 37. Qxg7+ Kd8 38. Rf8# 1-0